| 000 | 00496cam a22001812 4500 | ||
|---|---|---|---|
| 001 | 0000025179 | ||
| 005 | 20151217145953.0 | ||
| 008 | 150213s xx 000 0 eng d | ||
| 020 | _a0237514346 : | ||
| 040 |
_aKABU _cKABU |
||
| 100 | 1 |
_aWilliams, Aidan. _@0000185638 |
|
| 245 | 1 | 0 |
_aRevising the concubine. : _ba study guide. |
| 260 |
_aNairobi : _bEvans Brothers Limited, _c1993. |
||
| 300 | _a73 p. | ||
| 908 | _a150213 | ||
| 950 | _@1 | ||
| 999 |
_c4633 _d4633 |
||